| Tag |
First Indicator |
Second Indicator |
Subfields |
| LEADER |
00000cgm a2200000Mi 4500 |
| 001 |
in00005556721 |
| 006 |
m o c |
| 007 |
cr |n||||||||a |
| 007 |
vz |za|z| |
| 008 |
211014s2014 xx 137 e o vnund d |
| 005 |
20241201230956.4 |
| 035 |
|
|
|a (OCoLC)on1285136235
|
| 040 |
|
|
|a ALSTP
|b eng
|e rda
|c ALSTP
|d OCLCF
|d OCLCO
|d QGK
|d OCLCO
|d OCLCL
|
| 019 |
|
|
|a 1295590754
|a 1373454200
|
| 035 |
|
|
|a (OCoLC)1285136235
|z (OCoLC)1295590754
|z (OCoLC)1373454200
|
| 049 |
|
|
|a TXAM
|
| 245 |
0 |
0 |
|a Mahasona.
|p Evening watch /
|c by Barrie Machin.
|
| 246 |
3 |
3 |
|a Maha sona
|
| 264 |
|
1 |
|a [Place of publication not identified] :
|b Privately Published,
|c 2014.
|
| 300 |
|
|
|a 1 online resource (137 minutes)
|
| 306 |
|
|
|a 021625
|
| 336 |
|
|
|a two-dimensional moving image
|b tdi
|2 rdacontent
|
| 337 |
|
|
|a computer
|b c
|2 rdamedia
|
| 337 |
|
|
|a video
|b v
|2 rdamedia
|
| 338 |
|
|
|a online resource
|b cr
|2 rdacarrier
|
| 347 |
|
|
|a video file
|2 rda
|
| 490 |
0 |
|
|a Mahasona ;
|v 6:00 PM
|
| 500 |
|
|
|a Title from resource description page (viewed October 14, 2021).
|
| 520 |
|
|
|a Mahasona: A complex ritual involving many gifts to the gods and the whole demon army in a series of masked dances and comic performances. Screened at the Australian Anthropological Conference 27-30 August 1984. A relatively unedited version will be provided in keeping with the idea of visual archaeology and the idea of using full length rituals in teaching. An account of the ritual by Michael Egan will be made available.
|
| 546 |
|
|
|a Undetermined language.
|
| 650 |
|
0 |
|a Sinhalese (Sri Lankan people)
|x Rites and ceremonies.
|
| 650 |
|
0 |
|a Exorcism
|z Sri Lanka.
|
| 650 |
|
0 |
|a Demonology
|z Sri Lanka.
|
| 650 |
|
0 |
|a Rites and ceremonies
|z Sri Lanka.
|
| 650 |
|
0 |
|a Folklore
|z Sri Lanka.
|
| 651 |
|
0 |
|a Sri Lanka
|x Social life and customs.
|
| 650 |
|
6 |
|a Cingalais (Peuple du Sri Lanka)
|x Rites et cérémonies.
|
| 650 |
|
6 |
|a Exorcisme
|z Sri Lanka.
|
| 650 |
|
6 |
|a Démonologie
|z Sri Lanka.
|
| 650 |
|
6 |
|a Rites et cérémonies
|z Sri Lanka.
|
| 650 |
|
6 |
|a Folklore
|z Sri Lanka.
|
| 650 |
|
7 |
|a Demonology.
|2 fast
|0 (OCoLC)fst00890199
|
| 650 |
|
7 |
|a Exorcism.
|2 fast
|0 (OCoLC)fst00918244
|
| 650 |
|
7 |
|a Folklore.
|2 fast
|0 (OCoLC)fst00930306
|
| 650 |
|
7 |
|a Manners and customs.
|2 fast
|0 (OCoLC)fst01007815
|
| 650 |
|
7 |
|a Rites and ceremonies.
|2 fast
|0 (OCoLC)fst01098216
|
| 650 |
|
7 |
|a Sinhalese (Sri Lankan people)
|x Rites and ceremonies.
|2 fast
|0 (OCoLC)fst01119507
|
| 651 |
|
7 |
|a Sri Lanka.
|2 fast
|0 (OCoLC)fst01208730
|
| 655 |
|
2 |
|a Documentaries and Factual Films
|
| 655 |
|
7 |
|a Documentary films.
|2 fast
|0 (OCoLC)fst01710390
|
| 655 |
|
7 |
|a Ethnographic films.
|2 fast
|0 (OCoLC)fst01710263
|
| 655 |
|
7 |
|a Documentary films.
|2 lcgft
|
| 655 |
|
7 |
|a Ethnographic films.
|2 lcgft
|
| 655 |
|
7 |
|a Documentaires.
|2 rvmgf
|
| 655 |
|
7 |
|a Films ethnographiques.
|2 rvmgf
|
| 700 |
1 |
|
|a Machin, Barrie,
|d 1939-
|e director,
|e producer.
|1 https://id.oclc.org/worldcat/entity/E39PCjr8wk8q8YvfwV8RBRWJWC
|
| 758 |
|
|
|i has work:
|a Evening watch Mahasona (MovingImage)
|1 https://id.oclc.org/worldcat/entity/E39PCGpdQrbCXr78MGhfqxwvjK
|4 https://id.oclc.org/worldcat/ontology/hasWork
|
| 856 |
4 |
0 |
|u http://proxy.library.tamu.edu/login?url=https://www.aspresolver.com/aspresolver.asp?MARC;5120244
|z Connect to this streaming video (Alexander Street Press)
|t 0
|
| 955 |
|
|
|a Alexander Street Press subscription streaming video
|
| 994 |
|
|
|a 92
|b TXA
|
| 999 |
f |
f |
|s 83ea8f31-e329-4145-8743-5c25c0be8aa0
|i 6e6fda27-aea7-463a-92ed-f9519f6a0235
|t 0
|
| 952 |
f |
f |
|a Texas A&M University
|b College Station
|c Electronic Resources
|d Available Online
|t 0
|h Library of Congress classification
|
| 998 |
f |
f |
|t 0
|l Available Online
|